Нервно-мышечная физиология : (Record no. 237369)
[ view plain ]
| 000 -LEADER | |
|---|---|
| fixed length control field | 01130nam a2200265 u 4500 |
| 001 - CONTROL NUMBER | |
| control field | 000585836 |
| 003 - CONTROL NUMBER IDENTIFIER | |
| control field | AM-YeHGA |
| 005 - DATE AND TIME OF LATEST TRANSACTION | |
| control field | 20250617141354.0 |
| 008 - FIXED-LENGTH DATA ELEMENTS--GENERAL INFORMATION | |
| fixed length control field | 080616s1986 un |||||r|||||000|0|rus|d |
| 040 ## - CATALOGING SOURCE | |
| Original cataloging agency | AM-YeHGA |
| 041 0# - LANGUAGE CODE | |
| Language code of text/sound track or separate title | rus |
| 090 ## - LOCALLY ASSIGNED LC-TYPE CALL NUMBER (OCLC); LOCAL CALL NUMBER (RLIN) | |
| -- | 238940 |
| 100 1# - MAIN ENTRY--PERSONAL NAME | |
| Personal name | Скок, Владимир Иванович |
| 245 10 - TITLE STATEMENT | |
| Title | Нервно-мышечная физиология : |
| Remainder of title | [Учебное пособие для студентов биологических факультетов университетов] / |
| Statement of responsibility, etc. | В.И. Скок, М.Ф. Шуба. |
| 260 ## - PUBLICATION, DISTRIBUTION, ETC. | |
| Place of publication, distribution, etc. | Киев : |
| Name of publisher, distributor, etc. | Вища школа, |
| Date of publication, distribution, etc. | 1986. |
| 300 ## - PHYSICAL DESCRIPTION | |
| Extent | 223 с. : |
| Other physical details | ил. ; |
| Dimensions | 22 см. |
| 500 ## - GENERAL NOTE | |
| General note | Предм. указ.: с. 217-220 |
| 504 ## - BIBLIOGRAPHY, ETC. NOTE | |
| Bibliography, etc. note | Список лит.: с. 216 |
| 650 14 - SUBJECT ADDED ENTRY--TOPICAL TERM | |
| Topical term or geographic name entry element | Нервная система |
| 650 14 - SUBJECT ADDED ENTRY--TOPICAL TERM | |
| Topical term or geographic name entry element | Нейроны |
| Form subdivision | Классификация |
| -- | Физиология |
| 650 14 - SUBJECT ADDED ENTRY--TOPICAL TERM | |
| Topical term or geographic name entry element | Нервного возбуждения передача |
| 650 14 - SUBJECT ADDED ENTRY--TOPICAL TERM | |
| Topical term or geographic name entry element | Мышечные клетки |
| Form subdivision | Физиология |
| 650 14 - SUBJECT ADDED ENTRY--TOPICAL TERM | |
| Topical term or geographic name entry element | Мышечное сокращение |
| 700 1# - ADDED ENTRY--PERSONAL NAME | |
| Personal name | Шуба, Михаил Федорович |
| Withdrawn status | Lost status | Damaged status | Not for loan | Collection | Home library | Current library | Date acquired | Total checkouts | Full call number | Barcode | Date last seen | Price effective from | Koha item type | Public note |
|---|---|---|---|---|---|---|---|---|---|---|---|---|---|---|
| General | Fundamental Scientific Library | Fundamental Scientific Library | 28/12/2016 | PII/555398 | FL0130388 | 28/12/2016 | 28/12/2016 | Գրքեր / Books | 30 Days Loan |
ՀՀ Գիտությունների ազգային ակադեմիայի հիմնարար գիտական գրադարան = Fundamental Scientific Library of NAS RA
All site content, except where otherwise noted, is licensed under a